Selección Española en Mundiales - Estadísticas

Estadísticas generales
  • Esta prueba ha sido intentada 32 veces
  • La puntuación promedio es 72 de 118
Estadísticas de respuestas
Dorsal Jugador % Correcto
1 Iker Casillas
100%
6 | 13 Andrés Iniesta
96%
15 Sergio Ramos
96%
8 Xavi
96%
7 | 21 David Villa
93%
5 | 16 Sergio Busquets
93%
5 Carles Puyol
89%
9 Fernando Torres
89%
3 Gerard Piqué
89%
11 | 18 Pedro
89%
23 Unai Simón
89%
12 Víctor Valdés
89%
14 Xabi Alonso
89%
23 Pepe Reina
86%
11 Joan Capdevila
82%
10 | 18 Cesc Fàbregas
79%
1 | 12 David De Gea
79%
26 Pedri
79%
21 David Silva
75%
7 Raúl
75%
17 Álvaro Arbeloa
71%
2 | 20 Dani Carvajal
71%
7 Álvaro Morata
68%
22 Jesús Navas
68%
4 Carlos Marchena
64%
9 Gavi
64%
13 David Raya
61%
18 Jordi Alba
61%
19 Fernando Llorente
57%
8 | 17 Koke
57%
16 Marcos Senna
57%
2 Raúl Albiol
57%
24 Aymeric Laporte
54%
21 Dani Olmo
54%
19 Diego Costa
54%
13 Juan Mata
54%
16 Rodri
54%
11 Ferran Torres
50%
17 Iago Aspas
50%
22 Isco
50%
10 | 20 Marco Asensio
50%
1 Robert Sánchez
50%
4 Nacho
43%
12 Nico Williams
43%
20 Santi Cazorla
43%
25 Ansu Fati
39%
7 Saúl
36%
14 Alejandro Balde
32%
4 | 20 Javi Martínez
32%
6 Marcos Llorente
32%
2 Míchel Salgado
32%
3 Eric García
29%
15 Hugo Guillamón
29%
22 Pablo Sarabia
29%
19 Carlos Soler
25%
2 | 14 | 22 César Azpilicueta
25%
13 Kepa Arrizabalaga
25%
4 Pau Torres
25%
10 Thiago
25%
17 Joaquín
21%
5 Juanfran
21%
11 Lucas Vázquez
21%
9 Rodrigo
21%
12 Álvaro Odriozola
18%
20 Juanito
14%
16 Nacho Monreal
14%
19 Santiago Cañizares
14%
3 Mariano Pernia
11%
17 Yéremy Pino
7%
11 Luis García
4%
22 Pablo Ibáñez
4%
12 Antonio López
0%
6 David Albeda
0%
10 Jose Antonio Reyes
0%
No se encontraron pruebas coincidentes
Distribución de puntuación
Porcentaje de gente con cada puntuación
Porcentaje por número respondido
Historial de tus puntuaciones
No has intentado esta prueba.